01175nas a2200241Ia 4500001001100000003001000011008004100021040002500062041001300087100002300100210001300123222001300136245010400149250001100253260004200264300001100306310001600317362003400333500021400367501011400581520021400695650002400909R230-R2051IT-CnALBA170116c99999999xx |||||||||||| ||und|| aIT-CnALBAcIT-CnALBA aITALIANO aSEQUERI PIERANGELO aTEOLOGIA aTEOLOGIA 0aTEOLOGIA. RIVISTA DELLA FACOLTÀ TEOLOGICA DELL'ITALIA SETTENTRIONALE. N. I. ANNO IX. MARZO 1984.  a1a ed. a BRESCIAbMORCELLIANA EDITRICE c1984 a91 p.  aTRIMESTRALE aFascicolo: 1 / Anno: 9 (1984) aMOIOLI G. RIZZARDI G. TERRIN A. N. TEOLOGIA DI KARL BARTH. SEMSO DELLA COLPA. UN MISTICO, GIOVANNI DELLA CROCE. CONTRO LA LEGGE DEI SARACENI DI RICOLDO DI MONTECROCE. PREGHIERA AZIONE, LINGUAGGIO IN LITURGIA.  aSocietà San Paolo EM - Piazza San Paolo, 14 - 12051 ALBA (CN) (non commercial uses only) ® Copyright 2017 aMOIOLI G. RIZZARDI G. TERRIN A. N. TEOLOGIA DI KARL BARTH. SEMSO DELLA COLPA. UN MISTICO, GIOVANNI DELLA CROCE. CONTRO LA LEGGE DEI SARACENI DI RICOLDO DI MONTECROCE. PREGHIERA AZIONE, LINGUAGGIO IN LITURGIA.  aDOGMATICA CRISTIANA